Tilastot visalle Norjan suurimmat kaupungit

Klikkaa tästä pelataksesi tätä visaa!

Yleistilastot

  • Tätä visaa on pelattu 745 kertaa
  • Keskiarvotulos 5 / 15

Vastaustilastot

VäkilukuKaupunki% Oikein
1 000 467Oslo
100%
255 464Bergen
84%
183 378Trondheim
67%
222 697Stavanger / Sandnes
48%
63 441Kristiansand
34%
41 215Bodø
26%
117 510Drammen
25%
52 625Ålesund
21%
112 464Fredrikstad / Sarpsborg
18%
44 873Haugesund
14%
93 065Skien / Porsgrunn
13%
47 008Moss
10%
44 046Sandefjord
10%
43 396Arendal
9%
51 887Tønsberg
8%

Tulosjakauma

Persentiili vastausten määrän mukaan

Jokaisen tuloksen saaneiden osuus

Tuloshistoriasi

Et ole pelannut tätä visaa